|
|
|
|
| LEADER |
00000nam0a2200000 4500 |
| 001 |
229027 |
| 005 |
20231101230918.0 |
| 035 |
|
|
|a (RuTPU)RU\TPU\book\249562
|
| 090 |
|
|
|a 229027
|
| 100 |
|
|
|a 20121225d2012 m y0rusy50 ca
|
| 101 |
0 |
|
|a rus
|
| 102 |
|
|
|a RU
|
| 105 |
|
|
|a a j 001zy
|
| 200 |
1 |
|
|a Расчет вакуумных систем
|e учебное пособие
|f А. В. Юрьева
|g Национальный исследовательский Томский политехнический университет (ТПУ)
|
| 210 |
|
|
|a Томск
|c Изд-во ТПУ
|d 2012
|
| 215 |
|
|
|a 111 с.
|c ил.
|
| 320 |
|
|
|a Библиогр.: с. 102.
|
| 330 |
|
|
|a В пособии изложены основные понятия вакуумной техники, современные средства получения и измерения вакуума. Приведены физико-механические характеристики материалов, применяемых для изготовления элементов вакуумных систем. Рассмотрена методика расчета вакуумных систем, сопровождаемая практическими примерами. Учебное пособие имеет методические указания по организации самостоятельной работы студентов.Предназначено для студентов и магистрантов, обучающихся по специальности 011200 «Физика».
|
| 606 |
1 |
|
|a Вакуумные системы
|x Расчет
|2 stltpush
|3 (RuTPU)RU\TPU\subj\1974
|9 30619
|
| 610 |
1 |
|
|a вакуумная техника
|
| 610 |
1 |
|
|a теоретические основы
|
| 610 |
1 |
|
|a вакуум
|
| 610 |
1 |
|
|a получение
|
| 610 |
1 |
|
|a физико-химические методы
|
| 610 |
1 |
|
|a вакуумные ловушки
|
| 610 |
1 |
|
|a измерение
|
| 610 |
1 |
|
|a конструкционные элементы
|
| 610 |
1 |
|
|a проектный расчет
|
| 610 |
1 |
|
|a поверочный расчет
|
| 610 |
1 |
|
|a самостоятельная работа
|
| 610 |
1 |
|
|a учебные пособия
|
| 610 |
1 |
|
|a труды учёных ТПУ
|
| 675 |
|
|
|a 621.52.001(075.8)
|v 3
|
| 700 |
|
1 |
|a Юрьева
|b А. В.
|c специалист в области водородной энергетики и плазменных технологий
|c ассистент Томского политехнического университета
|f 1983-
|g Алена Викторовна
|2 stltpush
|3 (RuTPU)RU\TPU\pers\30232
|
| 712 |
0 |
2 |
|a Национальный исследовательский Томский политехнический университет (ТПУ)
|c (2009- )
|2 stltpush
|3 (RuTPU)RU\TPU\col\15902
|
| 801 |
|
1 |
|a RU
|b 63413507
|c 20121225
|
| 801 |
|
2 |
|a RU
|b 63413507
|c 20131016
|g RCR
|
| 900 |
|
|
|a Вакуумная техника
|
| 942 |
|
|
|c BK
|